Welcome to CU Library Online Public Access Catalogue (OPAC)

Healing (Record no. 1152)

MARC details
000 -LEADER
fixed length control field 00388nam a22001457a 4500
005 - DATE AND TIME OF LATEST TRANSACTION
control field 20241113192151.0
008 - FIXED-LENGTH DATA ELEMENTS--GENERAL INFORMATION
fixed length control field 241113b |||||||| |||| 00| 0 eng d
020 ## - INTERNATIONAL STANDARD BOOK NUMBER
International Standard Book Number 9780340510353
100 ## - MAIN ENTRY--PERSONAL NAME
Personal name Macnutt Francis
245 ## - TITLE STATEMENT
Title Healing
260 ## - PUBLICATION, DISTRIBUTION, ETC.
Place of publication, distribution, etc. London, Great Britain
Name of publisher, distributor, etc. Hodder and Stoughton
Date of publication, distribution, etc. 1992
300 ## - PHYSICAL DESCRIPTION
Extent 333 pages
Dimensions 18 cm
650 ## - SUBJECT ADDED ENTRY--TOPICAL TERM
Source of heading or term Theology
General subdivision United Kingdom
942 ## - ADDED ENTRY ELEMENTS (KOHA)
Source of classification or shelving scheme Library of Congress Classification
Koha item type Books
Suppress in OPAC No
999 ## -
-- 1152
-- 1152
Holdings
Withdrawn status Lost status Source of classification or shelving scheme Damaged status Not for loan Collection Home library Current library Shelving location Date acquired Total checkouts Full call number Barcode Date last seen Copy number Price effective from Koha item type
    Library of Congress Classification     Non-fiction Law Library (Miotso) Law Library (Miotso) General stacks 11/13/2024   BT7325 MAC LLM00000967 11/13/2024 1 11/13/2024 Books
© 2023-2024 Copyright: Central University Libraries. All Rights Reserved | Created by: Mahone Tech Office